Étoiles notables par constellation (hémisphère nord) - Statistiques

Statistiques générales
  • Ce quiz a été pris 22 fois
  • Le résultat moyen est 13 sur 89
Statistiques - réponses
Constellation Position Réponse % Correct
Orion point supérieur gauche du "H" Bételgeuse
74%
Lyre 1 Vega
74%
Cygne queue Deneb
68%
Petite Ourse 1 Polaris
68%
étoile la plus brillante de la constellation Aldébaran
58%
Aigle 1 Altaïr
58%
point inférieur droit du "H" Rigel
53%
étoile la plus importante du Scorpion Antarès
47%
Cocher 1 Capella
47%
point supérieur droit du "H" Bellatrix
42%
7 Dubhe
37%
2 Mizar
37%
étoile en bas à gauche surla barre du "H" Alnitak
32%
6 Merak
32%
étoile en haut à droite sur la barre du "H" Mintaka
32%
point inférieur gauche du "H" Saïph
32%
3 Alioth
26%
Grande Ourse 1 Alkaïd
26%
étoile au centre sur la barre du "H" Alnilam
26%
4 Megrez
26%
5 Phecda
26%
7 Alcyone
21%
Andromède pointe haute, commune avec Pégase
(1er triangle en-dessous (gauche): πAnd 1er triangle en-dessous (droite): δAnd)
Alpheratz
21%
Pégase pointe haute, commune avec Andromède Alpheratz
21%
tête(corps: ηCyg) Albireo
16%
7 Kochab
16%
queue du dragon (puis κDra, 2Dra) Thuban
16%
côté gauche du "cerf-volant" Algenib
11%
Cassiopée 1 Caph
11%
5 Électre
11%
2 Maïa
11%
côté inférieur du "cerf-volant" Markab
11%
comme un point sur le Ḣ Meissa
11%
2ème triangle en-dessous (droite)
[2ème triangle en-dessous (gauche),
galaxie d'Andromède positionnée
immédiatement à gauche: μAnd]
Mirach
11%
3 Navi
11%
6 Pherkad
11%
9 Pléioné
11%
Dragon Tête du dragon (considéré ici comme regardant vers le bas) Rastaban
11%
4 Ruchbah
11%
centre Sadr
11%
côté droit du "cerf-volant" Scheat
11%
2 Schedar
11%
5 Segin
11%
aile vers lyre(pointe aile vers lyre: ι²Cyg, κCyg) Al Fawaris
5%
3ème triangle en-dessous (droite) (3ème triangle en-dessous (gauche): φPer, νPer Appartiennent à Persée) Almach
5%
étoile + distante (inférieure) Alshain
5%
corps haut du dragon Altais
5%
5 Anwar al Farkadain
5%
8 Atlas
5%
côté gauche de la tête du dragon Eltanin
5%
prolongement vers la droite du "cerf-volant" Enif
5%
cou du dragon Grumium
5%
queue du "cerf-volant" Homam
5%
6 Mérope
5%
suite de la courbe Sargas
5%
queue du scorpion 2 Shaula
5%
angle supérieur droit(angle supérieur gauche: ζ¹Cyg) Sheliak
5%
en haut à droite du "H" Tabit
5%
étoile proche (supérieure) Tarazed
5%
3 Taygeta
5%
3 Urodelus
5%
2 Yildun
5%
(proche de 2) Achird
0%
Suite Ain
0%
à droite de 1, dévie de la forme du cocher Al Anz
0%
suite (puis hDra, gDra, ηDra, θDra) Aldhibah
0%
4 Alifa al Farkadain
0%
dernière à droite à "même hauteur" Alkab
0%
immédiatement après Al Niyat
0%
prolongement du "cerf-volant" Baham
0%
suite du corps du dragon Batentaban Borealis
0%
4 Célaéno
0%
bas de la pince Dschubba
0%
le dragon se courbe ici (début de la queue) Edasich
0%
Taureau jonction du "segment haut" et du "segment bas"du Cocher, comptée dans la constellation du Taureau Elnath
0%
étoile dans le prolongement de l'axe, signifiant"le taureau" en arabe Elthor
0%
pointe de la queue du dragon Gianfar
0%
aile vers aigle(pointe aile vers aigle: ζCyg) Gienah
0%
inflexion queue scorpion Girtab
0%
haut de la pince Graffias
0%
plus à droite (2 étoiles portant les numéros I et II) Haedus
0%
2 étoiles portant les numéros I et II, jonction Hyadum
0%
côté droit de la tête du dragon Kuma
0%
corps du scorption Larawag
0%
Scorpion queue du scorpion 1 Lesath
0%
En supposant 1 en haut à gauche,immédiatement en-dessous de 1 Menkalinan
0%
Pléiades(9 principales) 1 Stérope
0%
angle inférieur droit(angle inférieur gauche: δ¹Gyg, δ²Cyg) Sulafat
0%
le dragon se courbe ici (le dragon se courbe à nouveau au niveau de τDra,
un demi-tour complet a désormais été
effectué)
Tyl
0%
Aucun quiz correspondant
Distribution des résultats
% des personnes avec chaque résultat
Percentile par nombre de réponses
Votre historique - résultats
Vous n’avez pas pris ce quiz